Vermont by Picture - Statistics

General Stats
  • This quiz has been taken 98 times
  • The average score is 13 of 18
Answer Stats
Picture Hint Answer % Correct
food Maple Syrup
94%
ice cream company Ben & Jerry's
91%
capital Montpelier
89%
city Burlington
87%
mountain range {Green} Mountains
86%
lake Lake Champlain
86%
politician Bernie Sanders
84%
type of bridge Covered Bridge
83%
president born in Vermont Calvin Coolidge
78%
tourist group Leaf {Peepers}
67%
brand of cheese Cabot
66%
longest river Connecticut River
66%
Revolutionary War figure Ethan Allen
62%
mountain {Camel}'s Hump
59%
Vermont slang for mountain lion Catamount
52%
region Northeast {Kingdom}
51%
ski resort {Jay} Peak
46%
museum {Shelburne} Museum
36%
No matching quizzes found
Score Distribution
Percent of People with Each Score
Percentile by Number Answered
Your Score History
You have not taken this quiz